| 000 | 00667nam a2200193 a 4500 | ||
|---|---|---|---|
| 001 | 9436 | ||
| 003 | CO-ViMGA | ||
| 008 | 141112s2004 ck r 000 u spa d | ||
| 020 | _a8423926125 | ||
| 040 |
_aCO-ViMGA _bspa _cCO-ViMGA |
||
| 082 | 0 | 4 | _aR750.9 H477 |
| 245 | 1 | 0 | _aHistoria Universal de la pintura |
| 260 |
_aMadrĂd (E), _cEspasa 2001 |
||
| 300 | _a4 VOL | ||
| 500 | _aSolicitar el ejemplar de la tabla de contenido. | ||
| 505 | _aPrehistoria - Antiguedad - Edad media VOL - 1 - - Renacimiento - Barroco VOL - 2 - - Del Tardobarroco - Modernismo VOL - 3 - - Siglo XX - Extremo oriente VOL - 4 | ||
| 650 | 1 | 4 |
_aHISTORIA - PINTURA _910309 |
| 942 |
_2ddc _cBK |
||
| 999 |
_c20955 _d20955 |
||